000 00274nam a2200121 a 4500
008 110105s1966|||| d
100 1 _aLenin, V.I.
245 1 0 _aVybrané spisy 1.diel
260 _bVPL
_aBratislava
_c1966
020 _c22
041 _aslo
044 _axo
_cSK
999 _c15512
_d15512